Твои полигоны мужества: Героическая тема в советской прозе о Великой Отечественной войне и о современной Армии; очерки; для старшего школьного возраста

Dades bibliogràfiques
Autor principal: Леонов Б. А. Борис Андреевич
Altres autors: Ершов А. (иллюстратор)
Sumari:Исключено из фонда НТБ ТПУ
Idioma:rus
Publicat: Москва, Детская литература, 1985
Format: Llibre
KOHA link:https://koha.lib.tpu.ru/cgi-bin/koha/opac-detail.pl?biblionumber=143234

MARC

LEADER 00000nam0a2200000 4500
001 143234
005 20231031143149.0
020 |a RU  |b 85-89046 
035 |a (RuTPU)RU\TPU\book\155206 
090 |a 143234 
100 |a 20080917d1985 e y0rusy5003 ca 
101 0 |a rus 
102 |a RU 
105 |a a z 000ay 
200 1 |a Твои полигоны мужества  |e Героическая тема в советской прозе о Великой Отечественной войне и о современной Армии  |e очерки  |e для старшего школьного возраста  |f Б. А. Леонов  |g худож. А. Ершов 
210 |a Москва  |c Детская литература  |d 1985 
215 |a 255 с.  |c ил. 
333 |a Исключено из фонда НТБ ТПУ 
700 1 |a Леонов  |b Б. А.  |g Борис Андреевич 
702 1 |a Ершов  |b А.  |4 440 
801 0 |a RU  |b RuMRKP  |c 19950704  |g psbo 
801 1 |a RU  |b 63413507  |c 20080917  |g PSBO 
801 2 |a RU  |b 63413507  |c 20220516  |g PSBO 
942 |c BK